000 00420nam a22001817a 4500
003 MPLRDC
005 20220104153651.0
008 210129b ||||| |||| 00| 0 eng d
020 _a983-9537-06-7
082 _a563.5 LY-2
100 _a冷眼
245 _a30年股票投资心得
_c
250 _a初版
260 _a
_b辉煌世纪
_c2004
300 _b
650 _a股票投资
942 _cBK
_o563.5 LY-2
999 _c53552
_d53542